Länder, die am meisten Zuckerrohr produzieren - Statistiken

Allgemein
  • Dieses Quiz wurde 83 mal gespielt
  • Das Durchschnittsergebnis liegt bei 15 aus 20
Antwortstatistiken
Millionen
Tonnen
Land % Korrekt
759 Brasilien
99%
306 Indien
92%
34,6 Kolumbien
92%
104 China
89%
21,2 Indonesien
88%
57,0 Mexiko
88%
30,2 Vereinigte Staaten
88%
9,40 Peru
86%
19,2 Argentinien
83%
18,4 Vietnam
81%
103 Thailand
79%
9,03 Ecuador
72%
36,6 Australien
69%
16,1 Kuba
67%
29,3 Philippinen
64%
73,4 Pakistan
61%
17,4 Südafrika
60%
10,4 Birma
54%
33,8 Guatemala
47%
15,3 Ägypten
38%
Keine übereinstimmenden Quizze gefunden
Verteilung der Resultate
Anzahl Personen mit jedem Resultat
Perzentil nach korrekt beantworteten Fragen
Ihre Resultats-Entwicklung
Sie haben dieses Quiz noch nicht gespielt